| 000 | 00449nam a2200157 4500 | ||
|---|---|---|---|
| 008 | 241028b ||||| |||| 00| 0 eng d | ||
| 020 | _a9789966150950 | ||
| 050 |
_aBX2250 _b.N43 2020 |
||
| 100 | _aNg'ang'a, John N. | ||
| 245 | _aIn your marriage Christian or traditional?/ | ||
| 260 |
_aNairobi _bTrauma _c2020 |
||
| 300 |
_axii,308 p.: _c23 cm. |
||
| 650 | _a African traditional marriages | ||
| 650 | _aChristian marriages | ||
| 942 |
_2lcc _cBK |
||
| 999 |
_c59496 _d59496 |
||